<?xml version="1.0" encoding="UTF-8"?>
<record
    xmlns:xsi="http://www.w3.org/2001/XMLSchema-instance"
    xsi:schemaLocation="http://www.loc.gov/MARC21/slim http://www.loc.gov/standards/marcxml/schema/MARC21slim.xsd"
    xmlns="http://www.loc.gov/MARC21/slim">

  <leader>00529nam a2200181 a 4500</leader>
  <controlfield tag="003">PILC</controlfield>
  <controlfield tag="005">20150112093430.0</controlfield>
  <controlfield tag="008">100726s19uu    xx            00    eng d</controlfield>
  <datafield tag="020" ind1=" " ind2=" ">
    <subfield code="a">0716612895</subfield>
  </datafield>
  <datafield tag="050" ind1=" " ind2=" ">
    <subfield code="a">AE 5</subfield>
    <subfield code="b">.W55 1989</subfield>
  </datafield>
  <datafield tag="082" ind1=" " ind2=" ">
    <subfield code="a">EncSF 031.22</subfield>
    <subfield code="b">W89 1989</subfield>
  </datafield>
  <datafield tag="110" ind1=" " ind2=" ">
    <subfield code="a">Worldbook, Inc.</subfield>
    <subfield code="9">9960</subfield>
  </datafield>
  <datafield tag="245" ind1=" " ind2=" ">
    <subfield code="a">The worldbook encyclopedia vol. 19 /</subfield>
  </datafield>
  <datafield tag="260" ind1=" " ind2=" ">
    <subfield code="a">United States of America :</subfield>
    <subfield code="b">Worldbook, Inc,</subfield>
    <subfield code="c">1989.</subfield>
  </datafield>
  <datafield tag="300" ind1=" " ind2=" ">
    <subfield code="a">545 pages :</subfield>
    <subfield code="b">colored illustration ;</subfield>
    <subfield code="c">25 cm.</subfield>
  </datafield>
  <datafield tag="650" ind1=" " ind2=" ">
    <subfield code="a">Encyclopedia</subfield>
    <subfield code="9">9961</subfield>
  </datafield>
  <datafield tag="942" ind1=" " ind2=" ">
    <subfield code="2">lcc</subfield>
    <subfield code="c">BK</subfield>
  </datafield>
  <datafield tag="999" ind1=" " ind2=" ">
    <subfield code="c">14349</subfield>
    <subfield code="d">14349</subfield>
  </datafield>
  <datafield tag="952" ind1=" " ind2=" ">
    <subfield code="0">0</subfield>
    <subfield code="1">0</subfield>
    <subfield code="2">lcc</subfield>
    <subfield code="4">0</subfield>
    <subfield code="a">SFU</subfield>
    <subfield code="b">SFU</subfield>
    <subfield code="c">SFU</subfield>
    <subfield code="d">2013-08-14</subfield>
    <subfield code="l">0</subfield>
    <subfield code="o">AE 5 .W55 1989</subfield>
    <subfield code="p">SFU1222</subfield>
    <subfield code="r">2018-05-15 00:00:00</subfield>
    <subfield code="t">1</subfield>
    <subfield code="w">2013-08-14</subfield>
    <subfield code="y">BK</subfield>
  </datafield>
</record>
